000 00425nam a22001697a 4500
005 20180226171936.0
008 160616b xxu||||| |||| 00| 0 eng d
020 _a81-7341-209-X
041 _aeng
082 _b7987
_a331
100 _aPolappa, Dr. J. and Krishna Naik, Dr. C.N.
_92113
245 _aIndustrial Relations
260 _bIndian publication
_c2002
300 _a256
650 _aManagement
_9241
942 _cBK
999 _c2956
_d2955